00676nai a2200181Ia 4500003000900000008004100009022002200050022002300072040001600095245005300111260008600164310001200250362002600262521006900288650003000357650001900387856008800406IN-BaIIA211028c9999 xx s 000 0 eng d a0278-0062 (Print) a1558-254X (Online) cIIA Library 0aIEEE Transactions on Medical Imagingh[eJournal] aNew York, USAbThe Institute of Electrical and Electronics Engineers, Inc. (IEEE) aMonthly a1(1); 1982 - Present  bSubscribed through National Knowledge Resource Consortium (NKRC) a Computing and Processing aBioengineering uhttps://ieeexplore.ieee.org/servlet/opac?punumber=42yClick Here to Access eJournal